Normal view
MARC view
Entry Topical Term
001 - CONTROL NUMBER
- control field: 23053
003 - CONTROL NUMBER IDENTIFIER
- control field: dpl
005 - DATE AND TIME OF LATEST TRANSACTION
- control field: 20101006151339.0
008 - FIXED-LENGTH DATA ELEMENTS
- fixed length control field: 101006|||a|||||| | ||| d
040 ## - CATALOGING SOURCE
- Original cataloging agency: dpl
- Transcribing agency: dpl
150 ## - HEADING--TOPICAL TERM
- Topical term or geographic name as entry element: Hindi language
- General subdivision: Study and teaching
670 ## - SOURCE DATA FOUND
- Source citation: Work cat.: (dpl)36602: दुबे, महेन्द्र नाथ 23051, भाषा, भाषा-विज्ञान और राजभाषा हिन्दी /, 2010
670 ## - SOURCE DATA FOUND
- Source citation: Work cat.: (dpl)36602: दुबे, महेन्द्र नाथ 23051, भाषा, भाषा-विज्ञान और राजभाषा हिन्दी /, 2010
